| 000 | 01386nam a2200289Ia 4500 | ||
|---|---|---|---|
| 999 |
_c52738 _d52738 |
||
| 001 | 19764 | ||
| 003 | GE_BSU | ||
| 005 | 20200420221831.0 | ||
| 008 | 181216s1986||||ge |||||||||||||| ||geo|| | ||
| 040 | _cGE_BSU | ||
| 041 | _ageo | ||
| 080 | _a81'374.26(038) : 27-247 ი-50 | ||
| 100 |
_aიმნაიშვილი, ივანე _97657 |
||
| 245 |
_aქართული ოთხთავის სიმფონია - ლექსიკონი = Симфония - словарь к грузинскому четвероглаву / _cივანე იმნაიშვილი ; ა. შანიძის რედაქციით. |
||
| 264 |
_aთბილისი : _bთბილ. უნ-ტის გამ-ბა, _c1986. |
||
| 300 |
_a846 გვ. ; _c21 სმ. |
||
| 500 | _aპარალელური თავფურცელი რუსულ ენაზე | ||
| 500 | _aწიგნი განკუთვნილია ფილოლოგებისათვის | ||
| 541 | _h8ლ.80თ. | ||
| 653 | _aრელიგია | ||
| 653 | _aქართული ენა | ||
| 653 | _aქართული ოთხთავი | ||
| 653 | _a სახარება | ||
| 653 | _aძველი აღთქმა | ||
| 700 |
_aშანიძის, ა. _e რედაქტორი _97943 |
||
| 942 |
_cBK _2udc |
||